<?xml version="1.0" encoding="UTF-8"?><?xml-stylesheet type="text/xsl" href="static/style.xsl"?><OAI-PMH xmlns="http://www.openarchives.org/OAI/2.0/" xmlns:xsi="http://www.w3.org/2001/XMLSchema-instance" xsi:schemaLocation="http://www.openarchives.org/OAI/2.0/ http://www.openarchives.org/OAI/2.0/OAI-PMH.xsd"><responseDate>2026-04-27T20:12:31Z</responseDate><request verb="GetRecord" identifier="oai:uvadoc.uva.es:10324/81577" metadataPrefix="marc">https://uvadoc.uva.es/oai/request</request><GetRecord><record><header><identifier>oai:uvadoc.uva.es:10324/81577</identifier><datestamp>2026-01-15T20:02:43Z</datestamp><setSpec>com_10324_38</setSpec><setSpec>col_10324_852</setSpec></header><metadata><record xmlns="http://www.loc.gov/MARC21/slim" xmlns:doc="http://www.lyncode.com/xoai" xmlns:xsi="http://www.w3.org/2001/XMLSchema-instance" xmlns:dcterms="http://purl.org/dc/terms/" xsi:schemaLocation="http://www.loc.gov/MARC21/slim http://www.loc.gov/standards/marcxml/schema/MARC21slim.xsd">
<leader>00925njm 22002777a 4500</leader>
<datafield tag="042" ind1=" " ind2=" ">
<subfield code="a">dc</subfield>
</datafield>
<datafield tag="720" ind1=" " ind2=" ">
<subfield code="a">Escolar Díez, Claudia</subfield>
<subfield code="e">author</subfield>
</datafield>
<datafield tag="260" ind1=" " ind2=" ">
<subfield code="c">2025</subfield>
</datafield>
<datafield tag="520" ind1=" " ind2=" ">
<subfield code="a">A lo largo del presente Trabajo de Fin de Grado se exponen los resultados obtenidos&#xd;
del análisis realizado sobre los currículos de Educación Infantil en diversos países de la&#xd;
Unión Europea: Alemania, Suecia, Austria, Francia e Italia, para, posteriormente, llevar a&#xd;
cabo una comparativa con España y examinar el grado de incorporación de la música en&#xd;
esta etapa educativa. Asimismo, se estudia la formación docente en el ámbito musical&#xd;
partiendo de diferentes programas de estudio para comprobar el nivel de educación musical&#xd;
que se ofrece a los maestros de Educación Infantil en su preparación docente.</subfield>
</datafield>
<datafield tag="520" ind1=" " ind2=" ">
<subfield code="a">Throughout this Bachelor's Thesis, the results obtained from the analysis of Early&#xd;
Childhood Education curricula in various European Union countries: Germany, Sweden,&#xd;
Austria, France, and Italy, are presented, subsequently, a comparison with Spain is made to&#xd;
examine the extent to which music is incorporated into this educational stage. In addition,&#xd;
teacher training in the field of music is studied on the basis of different study programmes in&#xd;
order to check the level of music education offered to Early Childhood Education teachers in&#xd;
their teacher training.</subfield>
</datafield>
<datafield tag="024" ind2=" " ind1="8">
<subfield code="a">https://uvadoc.uva.es/handle/10324/81577</subfield>
</datafield>
<datafield tag="245" ind1="0" ind2="0">
<subfield code="a">Revisión bibliográfica de los currículos de Educación Infantil en el ámbito musical de diversos países de la UE</subfield>
</datafield>
</record></metadata></record></GetRecord></OAI-PMH>